| 000 | 00851nam a22002055i 4500 | ||
|---|---|---|---|
| 001 | 47972 | ||
| 003 | ES-MaACL | ||
| 005 | 20230906161654.0 | ||
| 007 | t| | ||
| 008 | 950206s1836 sp ||||1| spa d | ||
| 040 |
_aCAM _bspa _cCCPB | PA2 |
||
| 080 | _a94(460)"17" | ||
| 100 | 1 |
_aCoxe, William. _941403 |
|
| 245 | 1 | 0 |
_aEspaña bajo el dominio de los reyes de la familia de Borbón _b: comprende desde la exaltación de Felipe V al trono en 1700 hasta 1814 en el reinado de Fernando VII / _cobra original escrita por William Coxe ; traducida del francés al castellano... por Rafael Sevillano y Sánchez-Pleités. |
| 260 |
_aMadrid : _b[s.n.], _c1836 ( _fTomás Jordán) |
||
| 300 |
_a3 v. ; _c20 cm. |
||
| 651 | 4 |
_aEspaña- _xHistoria- _yS.XVIII. _98359 |
|
| 700 | 1 |
_aSevillano y Sánchez-Pleités, Rafael. _9105951 |
|
| 852 |
_aES-MaACL _jG-10251-53 |
||
| 999 |
_c47972 _d47972 |
||